| 000 | 02370cim a2200397 i 4500 | ||
|---|---|---|---|
| 005 | 20230714122535.0 | ||
| 007 | sd fungnnuuneu | ||
| 008 | 221012s2022 nnnn ## n eng d | ||
| 020 |
_a9798200712465 (audiobook) _c46.99 |
||
| 040 |
_aCTMMSN _beng _erda _cCTMMSN |
||
| 082 | 0 | 4 |
_a[Fic] _223 |
| 092 |
_ayoung adult audiobook _bOvery |
||
| 100 | 1 |
_aOvery, Alexandra, _eauthor. _96411756 |
|
| 245 | 1 | 0 |
_aThis cursed crown / _cAlexandra Overy. |
| 250 | _aUnabridged. | ||
| 264 | 2 |
_aOld Saybrook, Connecticut : _bwww.micromarketing.org |
|
| 264 | 1 |
_a[Ashland, Oregon] : _b[Blackstone Audio], _c[2022]. |
|
| 300 |
_a13 sound discs (approximately 14.5 hours) : _bdigital, CD audio ; _c4 3/4 in. |
||
| 336 | _aspoken word | ||
| 337 | _aaudio | ||
| 338 | _aaudio disc | ||
| 490 | 1 |
_aThese feathered flames ; _vbook 2 |
|
| 500 | _a[Typographic symbols and accents removed for systems compatibility.] | ||
| 511 | 0 | _aRead by Fiona Hardingham. | |
| 520 | _a" In the explosive sequel to These Feathered Flames, twin sisters Izaveta and Asya find themselves separated once again, but discovering a way back to each other may be their most perilous challenge yet. Awakening to find herself trapped in a strange tower, Izaveta knows she must find her way back to the Tourensi palace and claim the throne. But even with an unexpected ally's help, she worries she might not be able to get news of her survival to her sister and escape this frozen land. Back at home, Asya enlists Nikov's help to prove Izaveta is still alive, even as she finds herself forced to navigate the political world she always sought to avoid to save her queendom, her loved ones, and herself. But as the sisters work independently to reunite, a dangerous force lies in wait, trying to regain power in order to overthrow the monarchy..."--Provided by publisher. | ||
| 650 | 0 |
_aMagic _vFiction. _95673694 |
|
| 650 | 0 |
_aInheritance and succession _vFiction. _95673711 |
|
| 650 | 0 |
_aTwins _vFiction. _95674236 |
|
| 650 | 0 |
_aMurder _vFiction. _95674892 |
|
| 655 | 7 |
_aFantasy fiction. _2lcgft |
|
| 655 | 7 |
_aAudiobooks. _2lcgft |
|
| 655 | 7 |
_aAudiobooks. _2lcgft |
|
| 700 | 1 |
_aHardingham, Fiona, _enarrator. _95687112 |
|
| 800 | 1 |
_aOvery, Alexandra. _tThese feathered flames. _hSpoken word _s(Hardingham) ; _vbook 2. _96456796 |
|
| 942 |
_2ddc _cAUDIOBOOK |
||
| 999 |
_c378241 _d378241 |
||